Statistics for Big Largest City, Small Capital City (U.S. States)

Click here to take the quiz!

General Stats

  • This quiz has been taken 20 times
  • The average score is 16 of 20

Answer Stats

Times biggerCities% Correct
45.75Chicago
100%
40.27Las Vegas
100%
22.62New York
100%
Albany
100%
Springfield
94%
Carson City
94%
10.61Philadelphia
88%
13.75Seattle
88%
16.09Miami
88%
Tallahassee
82%
Olympia
76%
12.43Anchorage
71%
Juneau
71%
18.52Saint Louis
71%
Harrisburg
71%
17.66Louisville
65%
Frankfort
59%
Jefferson City
59%
12.04Sioux Falls
59%
Pierre
59%

Score Distribution

Percentile by Number Answered

Percent of People with Each Score

Your Score History

You have not taken this quiz